[Event "Moscow2"]
[Site "Moscow"]
[Date "1995.??.??"]
[Round "?"]
[White "Sveshnikov, Evgeny"]
[Black "Tseshkovsky, Vitaly"]
[Result "0-1"]
[WhiteElo "2560"]
[BlackElo "2530"]
[Annotator "Stohl,I"]
[PlyCount "86"]
[EventDate "1995.04.??"]
[EventType "tourn"]
[EventRounds "9"]
[EventCountry "RUS"]
[EventCategory "11"]
[SourceTitle "CBM 047"]
[Source "ChessBase"]
[SourceDate "1995.08.01"]
[SourceVersion "1"]
[SourceVersionDate "1995.08.01"]
[SourceQuality "1"]

1. e4 g6 2. d4 Bg7 3. Nc3 d6 4. Be3 c6 5. f4 $5 b5 (5... Nf6 6. Nf3 {/\e5()}) (
5... e5 6. dxe5 dxe5 7. Qxd8+ Kxd8 8. O-O-O+ Nd7 9. Nf3 $32) (5... Qb6 6. Rb1
f5 7. Qd2 Nh6 8. Nf3 Nd7 9. e5 Qc7 10. Bd3 Nb6 11. Bf2 Be6 12. b3 Nf7 13. O-O
O-O 14. Bh4 Bh6 15. Rbe1 Rfe8 16. Re2 c5 $132 {Olivier,JC-Allegro,V/Geneva op/
1995/}) 6. Nf3 (6. Qf3 b4 7. Nd1 d5 $5 8. exd5 cxd5 9. Bb5+ Nd7 10. Qxd5 Rb8
11. Bc6 Ngf6 12. Qf3 O-O 13. Nf2 Nb6 14. Ne2 Nc4 15. O-O Rb6 16. d5 Nxe3 17.
Qxe3 Nxd5 18. Bxd5 Qxd5 19. Nd3 Bg4 20. Rfd1 Re6 21. Ne5 Qa5 $17 {Nedev,
T-Rashkovsky,N/Star Dojran/1991/}) 6... Nd7 7. Bd3 Nb6 8. O-O (8. Qe2 Nf6 9. e5
$5 Nfd5 10. Bxb5 cxb5 11. Nxd5 Nc4 12. b3 Nxe3 13. Nxe3 Rb8 14. c4 $2 (14. O-O
$14) 14... bxc4 15. Nxc4 O-O 16. O-O Ba6 17. d5 dxe5 18. Nfxe5 Qxd5 $36 {
^^[+],Martinidesz,D-Webster,A/Oakham/1992/}) 8... Nf6 9. h3 (9. e5 Nfd5 10.
Nxd5 Nxd5 11. Bd2 Qb6 $132) 9... a5 $5 10. Qe1 b4 11. Nd1 Ba6 12. Nf2 O-O (
12... Bxd3 13. cxd3 $14 {><c6,[+]}) 13. Qe2 Bb7 (13... Qc8 $5 14. c4 bxc3 15.
bxc3 Bxd3 16. Qxd3 Qa6 $10) 14. a3 (14. c4 $5 bxc3 15. bxc3 $14) 14... Qc7 $1
15. axb4 axb4 {/\c5-c4} 16. c4 c5 17. Rxa8 (17. e5 $6 cxd4 18. Bxd4 (18. Nxd4
dxe5 19. Nb5 Qc6 $17) (18. exf6 dxe3 19. fxg7 exf2+ $17) 18... Bxf3 19. Qxf3
Nfd7 $36) (17. d5 Nh5 18. Kh2 e6 $15) (17. dxc5 $5 dxc5 18. e5 Nh5 19. Kh2 Bh6
20. g3 {/\Be4=}) 17... Rxa8 18. d5 Nh5 $1 19. Kh2 Ra2 20. Nd1 Na4 21. Bb1 $8 (
21. Bc1 Nc3 $1 $36 (21... Nxb2 22. Nxb2 Bxb2 23. g3 Bxc1 24. Qxa2 $13)) 21...
Ra1 22. Qc2 e6 23. b3 (23. Nd2 exd5 24. exd5 Nb6 $15) 23... Nb6 24. g4 $6 {׻}
(24. Nf2 $15) 24... Nf6 25. Nf2 exd5 26. exd5 Nfxd5 $1 27. cxd5 Nxd5 28. Bd2 $8
(28. Qd2 Nc3 $19) 28... Nc3 $40 29. Bxc3 $8 (29. Ng1 Qc6 $18) 29... bxc3 30.
Ne4 $6 (30. Nd3 Be4 $17) 30... d5 $1 31. Nxc3 Qxf4+ 32. Kg2 d4 $19 33. Ne2 (33.
Na4 Be5 $19) 33... Qe3 34. Neg1 (34. Qd3 Qxd3 35. Bxd3 Rxf1 36. Kxf1 Bxf3 $19)
34... Be5 35. Qc1 (35. Qxc5 Qf4 $1 36. Kf2 (36. Be4 Ra2+ 37. Kh1 Rh2+ $19)
36... Qg3+ 37. Ke2 Ba6+ 38. Bd3 Rxf1 39. Bxa6 Qf2+ 40. Kd3 Qe3+ 41. Kc4 Rc1+
$19) 35... Qxb3 36. Re1 Ra3 37. Be4 (37. Rxe5 Bxf3+ 38. Kh2 Bc6 39. Qe1 Qb8 $1
{/\f6-+}) 37... Ra2+ 38. Kh1 Bg3 39. Nd2 (39. Bxb7 Qxb7 40. Re8+ Kg7 {/\Rh2#})
39... Bxe1 $1 40. Nxb3 Bxe4+ 41. Nf3 Bxf3+ 42. Kg1 Bf2+ 43. Kf1 Bg2+ $1 (43...
Bg2+ 44. Kxg2 Be3+ $19) 0-1

[Event "Kropotkin"]
[Site "Kropotkin"]
[Date "1995.??.??"]
[Round "5"]
[White "Tiviakov, Sergei"]
[Black "Tseshkovsky, Vitaly"]
[Result "1/2-1/2"]
[WhiteElo "2625"]
[BlackElo "2530"]
[Annotator "Stohl,I"]
[PlyCount "92"]
[EventDate "1995.04.??"]
[EventType "tourn"]
[EventRounds "7"]
[EventCountry "RUS"]
[EventCategory "14"]
[SourceTitle "CBM 047"]
[Source "ChessBase"]
[SourceDate "1995.08.01"]
[SourceVersion "1"]
[SourceVersionDate "1995.08.01"]
[SourceQuality "1"]

1. e4 g6 2. d4 Bg7 3. Nc3 d6 4. Be3 c6 5. Qd2 b5 6. Bd3 Nd7 7. f4 $1 (7. d5 $6
b4 8. dxc6 bxc3 9. cxd7+ Bxd7 10. bxc3 Qc7 $44) (7. a4 b4 8. Nce2 a5 9. Nf3
Ngf6 10. Bh6 O-O 11. Ng3 e5 12. Bxg7 Kxg7 13. Qg5 exd4 14. Nf5+ Kg8 15. Nxd6 c5
16. O-O Ba6 17. Rfe1 b3 $1 18. e5 bxc2 19. Bxc2 Ne8 $15 {Miljanic,B-Strikovic,
A/JUG-chT Cetinje/1993/}) 7... Nb6 (7... e5 $6 8. fxe5 (8. dxe5 dxe5 9. f5 Bh6
$1 $10) (8. Nf3 $14) 8... dxe5 9. d5 $36) (7... Ngf6 8. Nf3 Ng4 9. Bg1 Bb7 10.
h3 Ngf6 11. O-O-O b4 12. Ne2 Qa5 13. Kb1 O-O 14. h4 c5 15. e5 Nh5 $13 {Prasad,
D-Chernin,A/Subotica izt/1987/}) 8. Nf3 Nf6 9. e5 (9. O-O $6 Ng4 $10) (9. h3 a5
$5 $13 {/\b4,d5}) (9. b3 Qc7 10. Ne2 O-O 11. c3 Bb7 12. Ng3 c5 13. Rc1 c4 14.
Bb1 cxb3 15. axb3 a5 16. Bd3 a4 17. c4 axb3 18. cxb5 Qd7 19. Qb4 $2 Nfd5 $1 20.
exd5 Nxd5 21. Qxb3 (21. Qd2 Ra2) 21... Nxe3 $17 {Mortensen,E-Kristiansen,J/
Esbjerg/1985/}) 9... Nfd5 10. Nxd5 Nxd5 11. O-O (11. Bf2 Bh6 12. g3 Bh3 $132)
11... O-O 12. Be4 a5 13. Ne1 (13. Bxd5 $6 cxd5 $15 {/\Bf5-e4}) 13... Nxe3 (
13... Be6 $5 $132) 14. Qxe3 Qb6 15. Nd3 Ra7 (15... b4 16. a3 $5 $14) 16. c3 b4
17. c4 (17. Rfc1 Bd7 $10) 17... d5 $1 18. c5 (18. cxd5 cxd5 19. Bf3 (19. Bxd5
$2 Rd7 $36 {^^}) 19... Ba6 $10) 18... Qd8 19. Bf3 Ba6 20. Be2 Bxd3 21. Bxd3 e6
{^-,()>>} 22. g4 f6 $1 23. Qg3 (23. exf6 $2 Qxf6 $17) 23... fxe5 24. dxe5 $1 (
24. fxe5 Raf7 $10) 24... Qe7 25. Rac1 a4 $1 {/\Ra5<=>} 26. Kg2 Ra5 27. Qe3 Qh4
$5 (27... Rf7 $5 $13 {/\Bf8,><c5}) 28. g5 {ףh4} (28. h3 $5 Bh6 $132) 28... b3
29. a3 (29. axb3 $6 axb3 $15 {/\Ra2,><b2}) 29... Rf7 30. Rf3 {/\Rcf1,Rh3} Bf8
$1 31. Kh1 (31. h3 Be7 $15 {/\Ra8-f8,h6!?}) 31... Rxc5 $5 (31... Be7 $10) 32.
Rxc5 Bxc5 33. Qxc5 Rxf4 $44 34. Rg3 (34. Rxf4 Qxf4 {><e5,g5,b2} 35. Qxc6 Qf3+
36. Kg1 Qxd3 $10) 34... Rd4 {/\Rd3,Qe1} 35. Qxc6 (35. Rf3 Rf4 $10) (35. Qc3 c5
$5 $44 {/\} 36. Qxc5 Rxd3 $10) 35... Rxd3 $1 36. Qxe6+ Kg7 37. Qf6+ (37. Rxd3
Qe1+ 38. Kg2 Qe2+ $10) 37... Kg8 38. Qd8+ Kg7 39. Qe7+ Kg8 40. Qd8+ Kg7 41.
Qc7+ Kg8 42. Qd8+ Kg7 43. Qf6+ Kg8 44. Rxd3 Qe1+ 45. Kg2 Qe2+ 46. Kg1 Qxd3 (
46... Qxd3 47. e6 Qd1+ 48. Kf2 Qd2+ 49. Kg3 Qe3+ 50. Kg4 Qe4+ $10) 1/2-1/2

[Event "Hoogovens"]
[Site "Wijk aan Zee"]
[Date "1995.01.??"]
[Round "3"]
[White "Dreev, Alexey"]
[Black "Seirawan, Yasser"]
[Result "1-0"]
[WhiteElo "2650"]
[BlackElo "2585"]
[Annotator "Stohl,I"]
[PlyCount "88"]
[EventDate "1995.01.??"]
[EventType "k.o."]
[EventRounds "5"]
[EventCountry "NED"]
[SourceTitle "CBM 045"]
[Source "ChessBase"]
[SourceDate "1995.04.01"]
[SourceVersion "1"]
[SourceVersionDate "1995.04.01"]
[SourceQuality "1"]

1. d4 g6 2. e4 Bg7 3. Nc3 d6 4. Bg5 $5 c6 5. Qd2 b5 6. f4 Nd7 (6... Nf6 {/\} 7.
e5 b4 $132) 7. Nf3 (7. a3 a6 8. Nf3 Nb6 9. h3 Nf6 10. Bd3 O-O 11. O-O Nc4 12.
Bxc4 bxc4 13. Rae1 Rb8 14. e5 dxe5 15. Nxe5 Qc7 16. Nxc4 Be6 17. Ne5 Rxb2 18.
Na4 Ra2 19. Nc5 Rxa3 20. Qb4 Rg3 21. Nxe6 fxe6 22. Bxf6 exf6 23. Nd3 $36 {
Winants,L-Todorcevic,GM/Budel zt/1987/}) 7... Nb6 $6 (7... Ngf6 $142 $13 {-B07}
) 8. a4 (8. Bd3 $5 Bg4 (8... Nf6 9. e5 dxe5 10. fxe5 Nfd5 11. Ne4 O-O 12. O-O
Bf5 13. Rae1 Qc7 14. Bh6 Rfe8 15. Bxg7 Kxg7 16. Nfg5 Rf8 17. Nc5 $1 Qc8 18.
Bxf5 gxf5 19. Qd3 h6 20. Rxf5 e6 21. Rxf7+ {1-0/Danailov,S-Tattersall/Palma op/
1992/}) 9. Ne2 Bxf3 10. gxf3 d5 11. e5 f6 12. Bh4 Nc4 13. Qc1 fxe5 14. fxe5 Bh6
15. f4 Qd7 16. b3 Qh3 17. Bg3 e6 18. a4 Ne7 19. axb5 cxb5 20. c3 Nb6 21. Bxb5+
Kf7 22. Kf2 Rhf8 23. Ng1 Qf5 24. Qb1 Qxb1 25. Rxb1 Kg7 26. Ne2 g5 $14 {
Mascarinas,R-Kakageldyev,A/Manila olm/1992/}) 8... b4 $8 (8... Nc4 $6 9. Qc1
$16) 9. Nd1 a5 10. c3 bxc3 11. bxc3 Nf6 12. Nf2 $14 O-O (12... d5 $5 13. Bxf6
$1 (13. e5 $2 Ne4 $36) 13... exf6 14. Bd3 O-O 15. O-O $14) 13. Bd3 Ba6 14. Bxa6
Rxa6 15. O-O Qc7 (15... Qd7 $5 {/\c5,><a4}) 16. f5 Ra7 (16... c5 17. e5 $36)
17. Bh6 Nc4 18. Qg5 {/\Rae1,e5} e5 $8 19. fxe6 fxe6 20. Rae1 (20. Bxg7 $142
Qxg7 21. e5 $36) 20... Bxh6 21. Qxh6 Qg7 $6 (21... e5 $1 $14 {<=>}) 22. Qxg7+
Kxg7 23. e5 $1 dxe5 24. dxe5 Nd7 25. Nd3 {><c6,e6} Ndb6 (25... c5 $5 26. Ng5 (
26. Re4 Rxf3 $1 27. gxf3 Nd2 $13) 26... Rxf1+ 27. Rxf1 (27. Kxf1 Ra6 $14) 27...
Ndxe5 28. Nxe5 Nxe5 29. Nxe6+ Kh6 30. Rf4 $36) 26. Nc5 Re8 27. Nd4 Rae7 28. Rf4
$16 (28. Nxc6 $2 Rc7) (28. Rf6 $6 Nxe5 29. Rxe6 Rxe6 30. Ndxe6+ Kf6 $10) 28...
h5 29. h4 Nb2 (29... Nd5 $2 30. Ndxe6+ Rxe6 31. Nxe6+ Rxe6 32. Rxc4 $18) (29...
Kh6 $5 $16) 30. Rf6 Nd5 31. Rxe6 Rxe6 (31... Nxc3 32. Rxe7+ Rxe7 33. Nxc6 $18)
32. Ndxe6+ Kh6 33. Ng5 Nxc3 34. Rf1 $1 $18 Re7 (34... Rxe5 $2 35. Nf7+) 35. Rf8
{/\Nce6,Rh8#} Rxe5 $8 36. Nce6 (36. Nf7+ $2 Kg7 $10) 36... Rxe6 37. Nxe6 Kh7
38. Rf7+ Kh8 39. Rc7 Nbxa4 40. Rxc6 Ne4 41. Ra6 (41. Nf4 $18) 41... Nac3 42.
Rxa5 Ne2+ 43. Kh2 N4g3 44. Re5 Kh7 (44... Kh7 45. Kh3 {/\Re3-g3}) 1-0

[Event "Podolsk"]
[Site "Podolsk"]
[Date "1993.??.??"]
[Round "?"]
[White "Lerner, Konstantin Z"]
[Black "Krasenkow, Michal"]
[Result "1-0"]
[WhiteElo "2530"]
[BlackElo "2595"]
[Annotator "Stohl,I"]
[PlyCount "155"]
[EventDate "1993.10.??"]
[EventType "tourn"]
[EventRounds "9"]
[EventCountry "RUS"]
[EventCategory "14"]
[SourceTitle "CBM 038"]
[Source "ChessBase"]
[SourceDate "1994.02.01"]
[SourceVersion "1"]
[SourceVersionDate "1994.02.01"]
[SourceQuality "1"]

1. Nf3 g6 2. e4 Bg7 3. d4 d6 4. Bc4 Nf6 (4... c6 5. Bb3 Nf6 6. e5 Nd5 7. O-O
O-O 8. Re1 Bg4 9. exd6 Qxd6 10. Nbd2 e6 11. h3 Bxf3 12. Nxf3 Nd7 13. Qe2 $14 {
0,5/Savon,V-Nevednichy,V/Nikolaev zt/1993/}) (4... c5 $5 5. dxc5 Qa5+ 6. c3
Qxc5 7. Qd5 $6 Qxd5 8. exd5 Bg4 9. Be3 Bxf3 10. gxf3 Nd7 11. Nd2 Nh6 12. Bxh6
Bxh6 13. Bb5 Rc8 14. Nb3 a6 15. Bxd7+ Kxd7 16. O-O Rc4 17. Rfe1 Rhc8 $17 {
_|_ק,Bousios,H-Ghinda,M/Athens op/1993/}) 5. Qe2 O-O (5... c6 6. Bb3 O-O 7.
O-O b6 $5 8. Rd1 Ba6 9. Qe1 d5 10. Nc3 e6 11. Bg5 h6 12. Bh4 Qc7 13. Rac1 Kh7
14. e5 Ng8 15. Ne2 Ne7 16. c3 Nf5 17. Bc2 Nxh4 18. Nxh4 Qe7 19. Nf3 h5 20. Nf4
Bh6 21. Qe3 c5 22. h3 Nc6 $132 {Gabriel,C-Bezold,M/Altensteig I/1993/}) 6. h3 (
6. e5 $5 dxe5 7. dxe5 Nd5 8. h3 c6 9. O-O h6 10. Rd1 Qa5 11. Bd2 Qc7 12. Nc3
Be6 13. Qe4 Nxc3 14. Bxc3 Bxc4 15. Qxc4 e6 16. Bb4 Re8 17. Bd6 Qb6 18. a4 $36 {
Ivannikov,V-Zhmurov,V/RUS-sf Lipetsk/1993/}) 6... c6 {/\Ne4} (6... c5 $5 7. d5
(7. dxc5 Qa5+ 8. Nbd2 Qxc5 9. Nb3 Qc7 10. O-O Nbd7 11. a4 b6 12. Bd3 Bb7 13. c3
e5 14. c4 Nc5 15. Nxc5 dxc5 (15... bxc5 $5) 16. Bd2 Nh5 $15 {Dizdar,G-Boyd,S/
Saint John op-2/1988/}) (7. e5 $5 $13) 7... b5 $5 8. Bxb5 Nxe4 9. O-O Nf6 10.
c4 Bd7 11. Nc3 Re8 12. Be3 Bxb5 13. Nxb5 Nbd7 14. a3 a6 15. Nc3 Rb8 16. Rab1
Qa5 17. Qc2 Rb7 18. Bd2 Reb8 19. Rfe1 Qd8 $132 {Rechlis,G-Norwood,D/Oakham/
1988/}) 7. Bb3 Na6 $5 8. Nbd2 (8. O-O Qc7 9. e5 dxe5 10. dxe5 Nd5 11. c3 Nc5
12. Bc2 a5 {/\b6<=>}) 8... Qc7 9. O-O (9. e5 Nd5 $132) 9... e5 $1 $10 10. dxe5
(10. c3 Nh5 $132) 10... dxe5 11. Nc4 Nd7 12. c3 b5 $5 (12... Nac5 13. Bc2 Ne6
$10) 13. Ne3 Nac5 14. Bc2 Nf6 15. Nd2 Nh5 16. b4 (16. Rd1 $5 Nf4 17. Qf1 $10)
16... Nf4 17. Qf3 Nce6 (17... Ncd3 $5 $15) 18. Nb3 Ng5 19. Qd1 Rd8 20. Bd2 Qe7
21. h4 Ngh3+ $1 (21... Nge6 22. g3 Nh5 23. Nf5 $5 $14) 22. gxh3 Qxh4 $44 23.
Qf3 Nxh3+ 24. Kg2 Nf4+ 25. Kg1 Qg5+ (25... Nh3+ $10) 26. Kh2 (26. Qg3 $4 Ne2+)
(26. Ng2 $2 Rxd2 27. Nxd2 Bh3 $19) 26... Qh6+ 27. Kg1 Qg5+ 28. Kh2 Qh4+ 29. Kg1
Nh3+ 30. Kg2 Ng5 $6 (30... Nf4+ $10) 31. Qg3 Bh3+ (31... Qh3+ 32. Qxh3 Bxh3+
33. Kg3 Bxf1 34. Nxf1 Ne6 35. a4 $14) 32. Kg1 Qf4 $5 33. Kh1 $5 (33. Rfd1 Nf3+
34. Kh1 Qh6 35. Ng4 $8 Qh5 36. Nh2 $8 Bg4 $13) 33... Bxf1 34. Nxf1 Qxg3 35.
Nxg3 Ne6 36. Be3 $14 Bf8 37. Ne2 (37. a4 $5 $14) 37... Rdc8 38. a4 a6 39. Nec1
{/\Nd3-c5,׫} bxa4 $6 (39... c5 $5 40. axb5 (40. bxc5 Nxc5 41. Bxc5 (41. axb5
Nxb3 42. Bxb3 axb5 $10) 41... Bxc5 42. axb5 Bxf2 43. bxa6 Rxc3 $36) 40... cxb4
41. Rxa6 $5 bxc3 $14) 40. Rxa4 c5 41. bxc5 Nxc5 42. Bxc5 $1 $8 (42. Nxc5 Bxc5
$17) 42... Bxc5 43. Nd3 Be7 44. c4 $36 f6 45. Kg2 Kf7 46. Nd2 a5 47. Nb3 Bd8
48. Nbc5 (48. c5 $142) 48... Rab8 49. Nb3 h5 50. c5 Rb5 51. Nd2 {/\Nc4|^} Rbxc5
$5 52. Nxc5 Rxc5 53. Nc4 Kg7 54. Bd3 Bc7 55. Ra3 f5 56. Ne3 f4 (56... fxe4 $6
57. Bxe4 $16 {ק}) 57. Nd5 Bd8 58. Rb3 Rc1 59. Rb7+ Kh6 60. Ra7 Rd1 61. Bb5 Rd4
62. Ra6 $1 (62. f3 Rd2+ 63. Kf1 Bh4 $132) 62... Rxe4 63. Bd3 f3+ (63... Rd4 64.
Bxg6 $1 $16) 64. Kxf3 Rg4 65. Be4 Bh4 66. Bf5 $5 (66. Rxa5 Bxf2 $10) 66... Rg1
67. Ne3 Kg7 68. Be4 Bd8 69. Nc4 Rg5 70. Ra7+ (70. Nxa5 Bxa5 71. Rxa5 Kf6 $14)
70... Kf8 71. Rd7 Be7 72. Nxa5 Rg4 {/\Rf4<=>} 73. Nc6 Rf4+ 74. Ke3 Bc5+ 75. Kd3
Rxf2 (75... Bd4 $5 76. f3 g5 $16) 76. Nxe5 $40 Bb4 77. Rb7 Ba3 (77... Be7 78.
Bd5 $1 $40) 78. Bc6 $1 (78. Bc6 Rf5 79. Nxg6+ Kg8 80. Ke4 {/\Bd5+-}) 1-0

[Event "Helsinki op"]
[Site "Helsinki"]
[Date "1992.??.??"]
[Round "7"]
[White "Yrjola, Jouni"]
[Black "Sturua, Zurab"]
[Result "0-1"]
[WhiteElo "2460"]
[BlackElo "2545"]
[Annotator "Stohl,I"]
[PlyCount "60"]
[EventDate "1992.09.??"]
[EventType "swiss"]
[EventRounds "9"]
[EventCountry "FIN"]
[SourceTitle "CBM 032"]
[Source "ChessBase"]
[SourceDate "1993.02.01"]
[SourceVersion "1"]
[SourceVersionDate "1993.02.01"]
[SourceQuality "1"]

1. d4 g6 2. e4 Bg7 3. Nc3 d6 4. Be3 a6 5. a4 (5. Qd2 b5 6. f3 (6. a4 b4 7. Nce2
Nf6 8. f3 a5 9. c3 Nc6 10. Ng3 O-O 11. Bb5 bxc3 12. bxc3 Bd7 13. N1e2 Na7 $1
14. Bd3 Nc8 15. O-O Nb6 16. Bh6 Nxa4 17. Bxg7 Kxg7 18. e5 Ne8 19. f4 $44 {
Adams,M-Lobron,E,Brussels SWIFT 5' 1992,EXP 29}) 6... Nd7 7. h4 h5 8. Nh3 Ngf6
9. Ng5 Bb7 10. O-O-O e5 11. d5 Rc8 12. Kb1 Nb6 13. Qf2 b4 14. Ne2 Nc4 15. Nc1
Nxe3 16. Qxe3 Bh6 17. g3 c5 {Mokry,K-Pastircak,M,CSFR tt 1992} 18. dxc6 Rxc6
19. Nd3 Qb6 $13) 5... b6 6. Nf3 Bb7 7. Be2 (7. Bc4 e6 8. Bg5 Ne7 9. Qd2 h6 10.
Be3 Nd7 11. Bd3 Nf6 12. Qe2 O-O 13. O-O d5 14. exd5 exd5 15. Bf4 Re8 16. Qd1 c5
17. Re1 Nc6 18. dxc5 bxc5 $10 {Bojkovic,N-Chiburdanidze,M,Belgrade 1992,TD
92_07}) 7... Nd7 (7... Nf6 8. e5 Ng4 9. Bf4 dxe5 10. dxe5 Nc6 11. e6 $1 $16) 8.
O-O e6 (8... Ngf6 $2 9. e5 Ng4 10. e6 fxe6 11. Ng5 Nxe3 12. fxe3 $16) 9. Nd2
Ne7 10. f4 O-O 11. Bf3 d5 (11... c5 $5 12. Nb3 Qc7 $132) 12. e5 (12. exd5 $6
Nf5 $1 13. Bf2 Nxd4 $36) 12... Nf5 13. Bf2 c5 14. Ne2 Qc7 15. c3 (15. g4 Nxd4
16. Nxd4 cxd4 17. Bxd4 f6 $17 {קf4}) 15... f6 16. Ng3 $6 (16. g4 Ne7 17. Be3
$14 {(),/\Ng3,h4-h5}) 16... Ne7 $1 {פg3} 17. Qe2 (17. Re1 $5 a5 {/\Ba6<=>})
17... a5 18. Rfc1 $6 (18. Rfe1 Ba6 19. Qd1 Bh6 20. Be3 Rac8 21. Bg4 $10) 18...
Rac8 {/\cd4} 19. Nb3 (19. exf6 Rxf6 {קf4}) 19... Qd8 20. Re1 (20. c4 $2 Ba6)
20... fxe5 21. fxe5 Nc6 22. Bg4 Qe7 $15 {/\cd4,Nb4|^} 23. Be3 cxd4 24. Nxd4 $2
(24. cxd4 Nb4 $15) 24... Nc5 {קe5} 25. Nxc6 Bxc6 26. Bd4 (26. Qc2 Rce8 $17 {
/\Nd7,Qd7,Qh4}) 26... Nxa4 $17 27. Qe3 $6 (27. b3 Nc5 $17) 27... Nxb2 28. Bxb6
Nc4 29. Qc5 Qd7 30. Bxa5 Rf4 $1 {/\Rg4,Bf8-+} 0-1

[Event "Vilnius zt"]
[Site "Vilnius"]
[Date "1993.??.??"]
[Round "?"]
[White "Lauk, Ular"]
[Black "Sokolovs, Andrei"]
[Result "1/2-1/2"]
[WhiteElo "2410"]
[BlackElo "2480"]
[Annotator "Stohl,I"]
[PlyCount "82"]
[EventDate "1993.03.??"]
[EventType "tourn"]
[EventRounds "13"]
[EventCountry "LTU"]
[EventCategory "8"]
[SourceTitle "CBM 035"]
[Source "ChessBase"]
[SourceDate "1993.08.01"]
[SourceVersion "1"]
[SourceVersionDate "1993.08.01"]
[SourceQuality "1"]

1. e4 g6 2. d4 Bg7 3. Nc3 d6 4. Be3 a6 5. Qd2 b5 6. a4 (6. O-O-O Bb7 7. f3 Nd7
8. h4 h6 9. Nh3 e6 10. Nf2 Ne7 11. h5 g5 12. g3 Nb6 13. f4 g4 $5 14. d5 b4 15.
Nb1 exd5 16. Bd4 Rg8 17. Bxg7 Rxg7 18. Bg2 c5 19. f5 Rg5 20. Qf4 $44 {Gufeld,
E-Kindermann,S/Dortmund/1983/}) 6... b4 7. Na2 $6 {N} (7. Nd1 a5 8. c3 Nf6 9.
f3 bxc3 10. bxc3 O-O (10... c6 11. h4 h5 12. Nf2 Na6 13. Ngh3 Nc7 14. Ng5 Ne6
15. Be2 Nxg5 16. hxg5 Nd7 17. g4 hxg4 18. Rxh8+ Bxh8 19. Nxg4 Nf8 20. Nh6 Rb8
21. Rc1 $36 {Van der Wiel,J-Zaitshik,G/Katerini/1992/}) 11. Bd3 Nbd7 12. Ne2 c6
13. O-O e5 14. Nf2 d5 15. Bh6 Qc7 16. Bxg7 Kxg7 17. f4 dxe4 18. Bxe4 exd4 19.
Nxd4 Bb7 $10 {Ljubojevic,L-Ehlvest,J/Linares/1991/}) (7. Nce2 Nf6 (7... a5 8.
Ng3 (8. c3 Nf6 9. f3 Na6 $13) 8... h5 9. h4 Nf6 10. f3 Nbd7 (10... Na6 $142)
11. Bb5 $1 O-O 12. Bh6 c5 13. N1e2 e6 {Zapata,A-Smyslov,V/Manila izt/1990/} 14.
Bxg7 $1 Kxg7 15. Qg5 Kh7 16. dxc5 Nxc5 17. O-O-O $16 {Zapata}) 8. Ng3 h5 9. f3
h4 10. N3e2 a5 11. c3 Na6 12. Nc1 O-O 13. Nb3 $6 (13. Bg5 c5 $13) 13... bxc3
14. bxc3 c6 15. Bd3 Rb8 16. Nc1 c5 17. Nge2 cxd4 18. cxd4 Nb4 19. Bb1 Nd7 $36 {
Mainka,R-Jansa,V/Bad Woerishofen/1992/}) 7... a5 8. c3 Nf6 9. f3 bxc3 $8 10.
Nxc3 (10. bxc3 {פa2}) 10... O-O 11. Bd3 Na6 {/\Nb4,c5} 12. Nge2 Nb4 13. Bb1 (
13. O-O Nxd3 14. Qxd3 Ba6 $15 {^^<->b}) 13... Ba6 14. O-O Nd7 15. Rd1 c5 16.
Nb5 $1 (16. d5 Ne5 17. b3 c4 $17) 16... Qb8 (16... Bxb5 $5 17. axb5 Qb6 18. Nc3
cxd4 19. Bxd4 Nc5 $15) 17. Bd3 cxd4 (17... Rc8 $5 $15) 18. Nexd4 Nxd3 (18... e5
19. Nb3 {><a5}) (18... Nc5 19. Bc4 $13) 19. Qxd3 Nc5 20. Qa3 (20. Qd2 Bxb5 21.
axb5 Bxd4 $1 22. Qxd4 Nb3 23. Qc3 Nxa1 24. Bh6 f6 25. Bxf8 Kxf8 26. Rxa1 Qxb5
$17) 20... Qb7 21. Rab1 Rfb8 (21... Rfc8 $142) 22. b3 Rc8 23. b4 axb4 24. Qxb4
$132 Qd7 25. Ne2 {/\Bc5} Qe8 (25... Ne6 26. Nec3 {/\Nd5|^}) 26. Nf4 Bb7 27.
Bxc5 $5 (27. Nxd6 $6 exd6 28. Bxc5 Bxe4 $1 29. Qxe4 Qxe4 30. fxe4 dxc5 $17)
27... dxc5 (27... Rxc5 28. Nxd6 exd6 29. Qxb7 $14) 28. Qc4 Ba6 29. Nd5 $13 Rab8
30. Rb3 (30. Ndc7 $2 Rxc7 31. Nxc7 Bxc4 32. Nxe8 Rxe8 $19) 30... e6 31. Nf4 Qe7
32. Ne2 Rd8 33. Rbd3 (33. Rc1 Rbc8 $15) 33... Rxd3 34. Rxd3 Qf6 35. Rd6 Bxb5
36. axb5 Qb2 37. Rc6 (37. b6 Bf8 $1 {/\Rb6}) 37... Rxb5 (37... Qxb5 38. Rxc5
$10) 38. Rxe6 $1 Rb8 $6 (38... fxe6 39. Qxe6+ Kf8 40. Qc8+ Ke7 41. Qc7+ Ke6 42.
Qc6+ $10) 39. Re7 Qf6 40. Rd7 Rb1+ 41. Kf2 Bf8 (41... Bf8 42. Qd5 $14 {/\e5[+]
[Stohl]}) 1/2-1/2

[Event "WchT 4th"]
[Site "Luzern"]
[Date "1997.11.02"]
[Round "9.2"]
[White "Ioseliani, Nana"]
[Black "Svidler, Peter"]
[Result "0-1"]
[WhiteElo "2520"]
[BlackElo "2660"]
[Annotator "Svidler,P"]
[PlyCount "68"]
[EventDate "1997.10.25"]
[EventType "team-tourn"]
[EventRounds "9"]
[EventCountry "SUI"]
[SourceTitle "CBM 062"]
[Source "ChessBase"]
[SourceDate "1998.01.31"]
[SourceVersion "1"]
[SourceVersionDate "1998.01.31"]
[SourceQuality "1"]
[WhiteTeam "Georgia (w)"]
[BlackTeam "Russia"]
[WhiteTeamCountry "GEO"]
[BlackTeamCountry "RUS"]

1. e4 {Yudasin,L} g6 2. d4 Bg7 3. Nc3 d6 4. Be3 a6 5. Qd2 (5. f4 $5 {Yudasin,L}
) 5... Nd7 6. f3 (6. f4 {Yudasin,L} b5 7. Be2 Bb7 8. Bf3 Nb6 9. b3 c5 10. Nge2
$13) (6. Nf3 {Yudasin,L} Ngf6 7. h3 b5 8. e5 b4 $11) 6... b5 7. h4 (7. O-O-O {
Yudasin,L} Bb7 8. Kb1 Nb6 9. Bd3 Rc8 10. h4 $13) 7... Ngf6 (7... h5 8. Nh3) (
7... h6 $5) 8. g4 (8. Bh6 {Yudasin,L /\g4}) 8... h6 (8... Bb7 9. h5 Rg8 10.
hxg6 hxg6 11. g5 Nh5 12. Nge2) 9. Nh3 {Nge2./\9...Nb610.b3,11.Rg1} Nb6 (9...
Bb7 10. g5 hxg5 11. hxg5 Nh5 12. Nf2 $13 (12. Nf4 Nxf4 13. Rxh8+ Bxh8 14. Bxf4
c5)) 10. O-O-O (10. Bd3 {Yudasin,L}) 10... b4 11. Nb1 $6 (11. Ne2 Nc4 12. Qd3
Nxe3 13. Qxe3 Bb7 (13... c5 14. dxc5 Qa5 15. cxd6 Qxa2 16. e5 $16) 14. Nhf4 e6
$14) 11... a5 12. Nf4 Nfd7 $1 13. Bb5 (13. d5 Ne5) (13. e5 dxe5 (13... e6 $5
14. d5 Nxe5 (14... dxe5 15. Nxe6) 15. dxe6 O-O $13) 14. dxe5 Bxe5 15. Nd5 (15.
Bb5 c6) 15... Bb7 16. Nxb6 cxb6 17. Bb5 (17. Bxb6 Qxb6 18. Qxd7+ Kf8 $17) 17...
Bd6 $13) (13. c4 $5 $15 {Yudasin,L}) (13. Qe1 $15 {Yudasin,L /\Nd2}) 13... Bb7
14. d5 (14. e5 e6 $1 (14... Bxf3 15. e6)) 14... c5 $3 15. dxc6 (15. Ne6 fxe6
16. dxe6 Bc6 $1 17. exd7+ (17. Bxc6 Nc4 18. exd7+ Kf8 $17) 17... Qxd7 18. Bxc6
Qxc6 19. Qe2 O-O $5 $15 (19... Na4 20. b3 Bb2+ 21. Kd2 Nc3 22. Nxc3 Bxc3+ 23.
Kc1 a4 24. Kb1)) 15... Bxc6 16. Qe2 (16. Bxc6 Nc4 17. Bd4 (17. Qd3 Bxb2#) 17...
Nxd2 18. Bxg7 Rg8 $17) (16. Bxb6 Qxb6 17. Nd5 Qb7 18. Bxc6 Qxc6 $17) 16... Rc8
17. Bxc6 Rxc6 18. Nd5 O-O 19. Bd4 (19. Nxb6 Nxb6 20. Bd4 Bxd4 21. Rxd4 Qc7 $17)
19... Bxd4 20. Rxd4 e6 21. Ne3 (21. Nxb6 Qxb6 22. Rhd1 (22. Rc4 Qa6 23. Nd2 Ne5
$19) 22... Rfc8 23. R4d2 a4 $17) 21... Nc5 (21... Qf6 22. Rhd1 Qf4 23. Nd2 Rfc8
24. Kb1 Ne5 $17) 22. Nc4 $2 (22. Qb5 Qf6 $1 23. Rhd1 Rfc8 24. Rxd6 (24. Qe2 b3)
24... Rxd6 25. Rxd6 Qxf3 26. Nd1 Qxe4 $1 27. Qxb6 Nb3+ 28. axb3 Rxc2#) (22. b3
$8 e5 $1 23. Rdd1 a4 24. Nd2 (24. Qb5 Qc7 25. Qxb4 axb3 26. axb3 Rb8 $17) 24...
axb3 25. axb3 Qa8 26. Kb1 Qa7 $19) 22... Nxc4 23. Rxc4 d5 24. exd5 (24. Rd4 {
Yudasin,L} b3 $19) 24... exd5 25. Rd1 (25. Rd4 b3) 25... Nd3+ 26. Qxd3 Rxc4 27.
Nd2 Rc6 28. h5 Qg5 29. hxg6 fxg6 30. Kb1 Rfc8 31. Nb3 Rxc2 32. f4 Qxf4 33.
Qxg6+ Kh8 34. Rh1 Rh2 (34... Rh2 35. Re1 Qe5) 0-1